Giáo trình nhập môn cơ sở dữ liệu

محفوظ في:
التفاصيل البيبلوغرافية
المؤلف الرئيسي: Phương Lan
التنسيق: كتاب
اللغة:Undetermined
منشور في: Hà Nội Lao động - Xã hội 2005
الموضوعات:
الوسوم: إضافة وسم
لا توجد وسوم, كن أول من يضع وسما على هذه التسجيلة!
Thư viện lưu trữ: Trung tâm Học liệu Trường Đại học Cần Thơ
LEADER 00556nam a2200193Ia 4500
001 CTU_224937
008 210402s9999 xx 000 0 und d
020 |c 35000 
082 |a 005.74 
082 |b Ph561 
100 |a Phương Lan 
245 0 |a Giáo trình nhập môn cơ sở dữ liệu 
245 0 |c Phương Lan 
260 |a Hà Nội 
260 |b Lao động - Xã hội 
260 |c 2005 
650 |a Database management,Database design 
904 |i Minh 
980 |a Trung tâm Học liệu Trường Đại học Cần Thơ